000 00878cam a2200205 4500
001 ##L131763
008 051206n2004 000 0 eng u
020 _a1860817351
035 _a(Sirsi) u131763
041 0 _aeng
050 0 4 _a551.52 $2 18
110 2 _aBuilding Research Establishment
245 0 0 _aClimate change
_bimpact on building design and construction
260 _aWatford
_bBRE
_c2004
300 _a8p
_bill, tables
_c30cm
490 0 _aBRE Good Building Guide
_vGBG 63
520 _aConsiders how the world's climate is changing, the potential risks to buildings caused by the changes, and how building design and construction will need to alter to meet them. Focuses particularly on the increasing flood risk, improving weathertightness, foundation movement, and summer overheating.
690 _aBUILT ENVIRONMENT-SUSTAINABLE CONSTRUCTION
942 _n0
999 _c104833
_d104833